| 000 | 00503nam a22001937a 4500 | ||
|---|---|---|---|
| 003 | OSt | ||
| 005 | 20140310184337.0 | ||
| 008 | 131005t xxu||||| |||| 00| 0 eng d | ||
| 020 | _a9780439598026 | ||
| 050 |
_aPZ 7 _b.L269 2003 |
||
| 245 |
_aGreat expectations / _bbased on the novel by Charles Dickens. |
||
| 260 |
_aUSA : _bScholastic Inc., _c2003 |
||
| 300 |
_a48 p. : _bill. ; _c24 cm. |
||
| 521 | _aG2 | ||
| 526 | _c400 | ||
| 650 |
_aFiction _9746 |
||
| 942 |
_2lcc _cBK-SCHOLAS |
||
| 999 |
_c33761 _d33761 |
||